|
|
|
|
| LEADER |
00000nam#a2200000#a#4500 |
| 001 |
005321 |
| 003 |
AR-BeUNQ |
| 005 |
20251210082149.0 |
| 008 |
981020s1997####ag##################spa#d |
| 999 |
|
|
|c 8088
|d 83475
|
| 020 |
|
|
|a 9502904877
|
| 040 |
|
|
|a AR-beUNQ
|e aacr
|
| 099 |
|
|
|a 12-B27
|
| 245 |
0 |
3 |
|a El agro pampeano : el fin de un período
|c Osvaldo Barsky ; Alfredo Pucciarelli.
|
| 260 |
|
|
|a Buenos Aires :
|b UBA,
|c 1997
|
| 300 |
|
|
|a 640 p. :
|b il., gráficos, cuadros, mapas
|
| 490 |
0 |
|
|a Ediciones del Ciclo Básico Común
|
| 594 |
|
|
|b DIPLOMATURA EN CIENCIAS SOCIALES
|c GEOGRAFIA HISTORICA
|d 2004
|
| 594 |
|
|
|b DIPLOMATURA EN CIENCIAS SOCIALES
|c HISTORIA ECONOMICA ARGENTINA DEL SIGLO XX
|d 2004
|
| 650 |
|
7 |
|a PRODUCCION AGRICOLA
|2 Spines
|
| 650 |
|
7 |
|a DESARROLLO AGRICOLA
|2 Spines
|
| 650 |
|
7 |
|a HISTORIA
|2 Spines
|
| 650 |
|
7 |
|a EMPRESAS AGRICOLAS
|2 Spines
|
| 650 |
|
7 |
|a ESTRUCTURAS AGRARIAS
|2 Spines
|
| 650 |
|
7 |
|a PROPIEDAD DE TERRENOS
|2 Spines
|
| 650 |
|
7 |
|a GANADERIA
|2 Spines
|
| 650 |
|
7 |
|a CAMBIO TECNOLOGICO
|2 Spines
|
| 651 |
|
7 |
|a ARGENTINA
|2 Spines
|
| 651 |
|
7 |
|a REGION PAMPEANA
|2 Spines
|
| 653 |
|
|
|a ESTANCIAS
|
| 700 |
1 |
|
|a Barsky, Osvaldo
|e ed
|4 edt
|
| 929 |
|
|
|a COMPRA
|b O. Barsky
|d 4,00E
|e 19981020
|g Exp. 0387/98
|j 24349
|
| 942 |
|
|
|c LIB
|n 0
|